| 000 | 01076cam a22002891 4500 | ||
|---|---|---|---|
| 001 | 2641007 | ||
| 003 | BD-DhUL | ||
| 005 | 20141112151851.0 | ||
| 008 | 850424s1964 is a b 000 0 eng | ||
| 010 | _a 64056037 | ||
| 040 |
_aDLC/ICU _cICU _dDLC _dBD-DhUL |
||
| 041 | 1 | _aengrus | |
| 050 | 0 | 0 |
_aQE461 _b.Z283 |
| 082 | 0 | 0 |
_a552 _bZAP |
| 100 | 1 |
_aZavarit︠s︡kiĭ, A. N. _q(Aleksandr Nikolaevich), _d1884-1952. |
|
| 240 | 1 | 0 |
_aFiziko-khimicheskie osnovy petrografii. _lEnglish |
| 245 | 1 | 4 |
_aThe physicochemical principles of igneous petrology _c[by] A.N. Zavaritskii and V.S. Sobolev. [Translated by J. Kolodny and R. Amoils]. |
| 260 |
_aJerusalem, _bIsrael Program for Scientific Translations, _c1964. |
||
| 300 |
_aix, 414 p. _billus. _c25 cm. |
||
| 500 | _aLabel mounted on t.p.: Published in the U.S.A. by D. Davey, New York. | ||
| 500 | _a"IPST cat. no. 2056." | ||
| 504 | _aBibliography: p. 399-411. | ||
| 650 | 0 | _aIgneous rocks. | |
| 700 | 1 |
_aSobolev, Vladimir Stepanovich, _d1908- |
|
| 906 |
_a7 _bcbc _corignew _du _eocip _f19 _gy-gencatlg |
||
| 942 |
_2ddc _cBK |
||
| 999 |
_c18878 _d18878 |
||